Geography Quiz

Random Geography or City Quiz

Kansas Cities (Map) Quiz Stats

 Plays Quiz not verified by Sporcle

Challenge
Share
Tweet
Score 0/10 Timer 03:00
1 Play Today
% Correct
Kansas City
98.1%
Topeka
95.8%
Wichita
95%
Overland Park
83%
Lawrence
76.4%
Manhattan
75.3%
Olathe
73.6%
Salina
56%
Shawnee
51.9%
Lenexa
44%

You're not logged in!

Compare scores with friends on all Sporcle quizzes.
OR
Log In

You Might Also Like...

Show Comments

Extras

Created Mar 24, 2014SourceReportNominate
Tags:City Quiz, largest, map, town

Top Quizzes Today


Score Distribution

Your Account Isn't Verified!

In order to create a playlist on Sporcle, you need to verify the email address you used during registration. Go to your Sporcle Settings to finish the process.

Report this User

Report this user for behavior that violates our Community Guidelines.

Details: